000
00330nam a2200133Ia 4500
008
240624s9999 xx 000 0 und d
041
_a
eng
082
_a
658.4012 LEO
100
_a
LEON ALEXIS
245
_a
ERP DEMYSTIFIED
250
_a
(2nd ed.)
260
_c
2008
_a
New Delhi
_b
Tata McGraw- Hill
300
_a
585 : p. : cm. ; 24
999
_c
12302
_d
12302